Engineering laminates; (Record no. 545365)
[ view plain ]
| 000 -LEADER | |
|---|---|
| fixed length control field | 00699cam a22001691 4500 |
| 082 ## - DEWEY DECIMAL CLASSIFICATION NUMBER | |
| Classification number | 620.11 |
| Author Mark | VOS |
| -- | L-36 P-3 |
| 100 1# - MAIN ENTRY--PERSONAL NAME | |
| Personal name | Voss, Walter Charles, |
| 9 (RLIN) | 41191 |
| 245 00 - TITLE STATEMENT | |
| Title | Engineering laminates; |
| Remainder of title | fundamentals underlying the problems of their inhomogeneity. |
| 260 ## - PUBLICATION, DISTRIBUTION, ETC. | |
| Place of publication, distribution, etc. | [n. p., |
| Date of publication, distribution, etc. | 1947] |
| 300 ## - PHYSICAL DESCRIPTION | |
| Extent | 34 p. |
| Other physical details | illus., ports. |
| Dimensions | 24 cm. |
| 500 ## - GENERAL NOTE | |
| General note | "Presented before the fiftieth annual meeting of the American Society for Testing Materials [June 18, 1947]" |
| 500 ## - GENERAL NOTE | |
| General note | "Reprint from the ... Proceedings of the American Society for Testing Materials ... v. 47, 1947." |
| 526 ## - STUDY PROGRAM INFORMATION NOTE | |
| Program name | 0 |
| Interest level | 0 |
| Reading level | 0 |
| Title point value | 620_110000000000000_VOS |
| 650 #0 - SUBJECT ADDED ENTRY--TOPICAL TERM | |
| Topical term or geographic name entry element | Laminated materials. |
| 9 (RLIN) | 41192 |
| 650 #0 - SUBJECT ADDED ENTRY--TOPICAL TERM | |
| Topical term or geographic name entry element | MCE |
| 9 (RLIN) | 379 |
| 942 ## - ADDED ENTRY ELEMENTS (KOHA) | |
| Source of classification or shelving scheme | |
| Koha item type | Book |
| Withdrawn status | Lost status | Source of classification or shelving scheme | Damaged status | Not for loan | Permanent Location | Current Location | Date acquired | Total Checkouts | Full call number | Barcode | Date last seen | Price effective from | Koha item type |
|---|---|---|---|---|---|---|---|---|---|---|---|---|---|
| Military College of Engineering (MCE) | Military College of Engineering (MCE) | 05/21/2014 | 620.11 VOS | MCE-30940a | 05/21/2014 | 05/21/2014 | Book |
